00491nam a2200193Ia 4500008004100000020001800041050001500059050001800074100002400092245002700116245002300143245003700166260001600203260002200219260000900241300001600250300001100266500002000277180523s9999 xx 000 0 und d a81-7224-430-4 aMAIN HD 66 b.H37 2004 c.1 aHardingham, Alison. 0aTeamwork in practice : 0bpulling together / 0cAlison Hardingham & Jenny Royal. aNew Delhi : bJaico Publishing, c2004 a190 pages : c22 cm. aIncludes index.